000 00839cam a2200265 a 4500
001 16425426
005 20171226072207.0
008 100820s2012 mauab b 001 0 eng
010 _a 2010935367
020 _a9780618906956 (student ed. : pbk.)
020 _a0618906959 (student ed. : pbk.)
040 _aDLC
_cDLC
_dDLC
041 _aeng
042 _apcc
043 _an-us---
080 _a320.473 GEE
082 0 0 _a320.473 GEE
_223
100 1 _a19
101 _aPOL
245 1 0 _aGateways to democracy :
_cJohn G. Geer, Wendy J. Schiller, Jeffrey A. Segal.
504 _aIncludes bibliographical references and index.
906 _a7
_bcbc
_corignew
_d2
_eepcn
_f20
_gy-gencatlg
942 _2ddc
_cBK
999 _c39402
_d39402